000 01268nam a2200313 i 4500
001 768714001
003 CO-MdFUSB
005 20240828090940.0
008 240221t2015 -uk |||| |||| 00| 0 eng d
020 _a9781907713835
040 _aCO-MdFUSB
_bspa
_cCO-MdFUSB
_dCO-MdFUSBC
_erda
041 _aeng
082 _223
_a228.07
_bR651
100 _aRobertson, Murray,
_eautor
245 1 4 _aThe future of humanity :
_bpreaching from revelation 4 to 22
_c/ Robertson Murray
264 1 _bLangham Preaching Resources,
_aCarlisle, Cumbria :
_c[2015]
264 4 _c©2015
300 _a138 páginas
_c; 15cm
336 _2rdacontent
_atexto
_btxt
337 _2rdamedia
_asin mediación
_bn
338 _2rdacarrier
_avolumen
_bnc
505 _tPredicación y revelación en el apocalipsis. -- La saga de la historia humana. -- Esperanza para la humanidad. -- La iglesia y los poderes. -- El camino al Armagedón. -- El sistema que seduce al mundo. -- El jinete final. -- mas allá del fin de los tiempos. -- Apéndice: Ejemplos de bosquejos de sermones.
563 _aRústica
630 0 7 _aBiblia.
_pApocalipsis
_xCrítica, interpretación, etc
650 7 _aHermenéutica bíblica
_2embne
_97333
942 _cBK
945 _aLP1109
999 _c69308
_d69308